1093 1594 1100 1894 1536 1961 1927 1899 1959 1191 1942 1238 1144 1742 1101 1206 1207 1502 1711 1551 1472 1285 1550 1363 1488 1713 1320 1058 1287 1291 1911 1583 1298 1426 1481 1255 1487 1352 1724 1545 1268 1641 1209 1053 1500 1886 1843 1528 1553 1149 1930 1987 1945 1453 1053 1881 1256 1911 1221 1963 1309 1131 1316 1292 1612 1903 1847 1958 1228 1460 1409 1603 1863 1131 1478 1807 1943 1939 1597 1127 1673 1750 1920 1311 1118 1429 1112 1193 1546 1060 1419 1811 1805 1620 1980 1610 1777 1172 1068 BCNSPRNW ULIB Ver.6.0+V

เปลี่ยนเป็นภาษาไทย

Change to English
 แสดงรายละเอียดบรรณานุกรม
  กลับหน้าหลัก

Brief Record : Get Marc (ISO 2709) : E-mail record : QR code < ปิดหน้าต่าง
LEADER : 00000nam 2200000uu 4500
001    13399114672
003     ULIB
008    120429s2552||||th 000 0 tha d
020    ^a9749123727
060  4 ^aQV766^bว862ย
100 0  ^aวุฒิ วุฒิธรรมเวช
245 00 ^aย่อเภสัชกรรมไทยและสรรพคุณสมุนไพร/^cวุฒิ วุฒิธรรมเวช
250    ^aพิมพ์ครั้งที่ 3
260    ^aกรุงเทพฯ:^bศิลป์สยามบรรจุภัณฑ์และการพิมพ์,^c2552
300    ^a224 หน้า
650  7 ^aสมุนไพร
650  7 ^aเภสัชกรรมไทย
945    ^p150^l0^i18968
995    ^a เกษร
999    ^aใช้งานได้ทุกระบบ
รายการนี้ยังไม่มีแท็ก
คุณยังไม่ได้ล็อกอิน คุณสามารถมีกิจกรรมร่วมกับเว็บไซต์ได้ แต่ต้องล็อกอินก่อน ::
  ล็อกอิน

รายการสื่อสารสนเทศ

ลำดับที่ ประเภท เลขเรียก/บาร์โค้ด สถานที่ สถานะ
- ไม่พบข้อมูล -

รายการใกล้เคียง
    ผู้แต่ง [วุฒิ วุฒิธรรมเวช]

    หัวเรื่อง [สมุนไพร]
    หัวเรื่อง [เภสัชกรรมไทย]

BibComment


ยังไม่เคยถูกคอมเมนท์

คอมเมนท์ทรัพยากรรายการนี้
  คอมเมนท์: ย่อเภสัชกรรมไทยแ..


 Copyright 2026. Bcnsprnw @Library